|
|
|
|
| LEADER |
02022nam a2200433 a 4500 |
| 001 |
EBC1224997 |
| 003 |
MiAaPQ |
| 005 |
20200520144314.0 |
| 006 |
m o d | |
| 007 |
cr cn||||||||| |
| 008 |
130405s2013 dcuab sb 000 0 eng d |
| 010 |
|
|
|z 2013008680
|
| 020 |
|
|
|z 9780821398357
|
| 020 |
|
|
|a 9780821398906 (electronic bk.)
|
| 035 |
|
|
|a (MiAaPQ)EBC1224997
|
| 035 |
|
|
|a (Au-PeEL)EBL1224997
|
| 035 |
|
|
|a (CaPaEBR)ebr10719739
|
| 035 |
|
|
|a (CaONFJC)MIL501821
|
| 035 |
|
|
|a (OCoLC)854974326
|
| 040 |
|
|
|a MiAaPQ
|c MiAaPQ
|d MiAaPQ
|
| 050 |
|
4 |
|a HE147.65
|b .K66 2013
|
| 082 |
0 |
4 |
|a 629.04028/6
|2 23
|
| 100 |
1 |
|
|a Kopp, Andreas.
|
| 245 |
1 |
0 |
|a Turning the right corner
|h [electronic resource] :
|b ensuring development through a low-carbon transport sector /
|c Andreas Kopp, Rachel I. Block and Atsushi Iimi.
|
| 260 |
|
|
|a Washington, D.C. :
|b World Bank,
|c 2013.
|
| 300 |
|
|
|a xvi, 160 p. :
|b col. ill., col. maps.
|
| 490 |
1 |
|
|a Directions in development. Environment and sustainable development
|
| 504 |
|
|
|a Includes bibliographical references.
|
| 505 |
0 |
|
|a Foreword -- Acknowledgements -- Overview : transport efficiency promotes development and protects the environment -- Transport, mobility, emissions, and development -- Avoiding future disruption of services -- Integrating sector-wide reforms for mitigation -- Climate-resilient investment in transport -- Notes -- References.
|
| 533 |
|
|
|a Electronic reproduction. Ann Arbor, MI : ProQuest, 2015. Available via World Wide Web. Access may be limited to ProQuest affiliated libraries.
|
| 650 |
|
0 |
|a Transportation
|x Environmental aspects.
|
| 650 |
|
0 |
|a Sustainable development.
|
| 650 |
|
0 |
|a Emissions trading.
|
| 655 |
|
4 |
|a Electronic books.
|
| 700 |
1 |
|
|a Block, Rachel I.
|
| 700 |
1 |
|
|a Iimi, Atsushi.
|
| 710 |
2 |
|
|a ProQuest (Firm)
|
| 830 |
|
0 |
|a Directions in development (Washington, D.C.).
|p Environment and sustainable development.
|
| 856 |
4 |
0 |
|u https://ebookcentral.proquest.com/lib/matrademy/detail.action?docID=1224997
|z Click to View
|